000 00471nam a2200193 a 4500
001 1765950118326
003 ACL
005 20251217111556.0
008 251217s2008##################000#0#eng##
020 _a9781439101520
082 0 4 _a641.5
_bLAB
100 1 _aLaBelle, Patti,
_eauthor.
245 1 0 _aRecipes for the Good Life :
260 _bSimon and Schuster,
_c2008.
300 _a224 pages
650 0 _aCooking.
942 _cENGLISH
040 _aACL
_beng
_cACL
999 _c602951
_d602951